Normal view
MARC view
- Administración de la asistencia pública
Entry Materia
001 - NÚMERO DE CONTROL DEL REGISTRO
- campo de control: 27309
003 - IDENTIFICADOR DE NUMERO DE CONTROL
- campo de control: MX-MxUPN
005 - FECHA Y HORA DE LA ÚLTIMA TRANSACCIÓN
- campo de control: 20240209123823.0
008 - DATOS DE LONGITUD FIJA
- campo de control de longitud fija: 240209n||acnnnbabn | ana |d
035 ## - NÚMERO DE CONTROL DEL SISTEMA
- Número de control del sistema: UPN10000027318
040 ## - FUENTE DE LA CATALOGACIÓN
- Centro catalogador de origen: MX-MxUPN
- Lengua de catalogación: spa
150 ## - ENCABEZAMIENTO - TEMÁTICO
- Término de materia o nombre geográfico como elemento inicial: Administración de la asistencia pública
- Subdivisión geográfica: Argentina
- Subdivisión de materia general: Historia
- Subdivisión cronológica: Siglo XXI
670 ## - FUENTE EN LA QUE SE LOCALIZARON DATOS
- Cita de la fuente: LC
- Información localizada: Public welfare administration - Argentina - History - 21st century
902 ## - CATALOGADOR
- Catalogador: CAA/260319
